| 000 | 00749nam a22002417a 4500 | ||
|---|---|---|---|
| 005 | 20170124110016.0 | ||
| 010 | _a882374 | ||
| 020 |
_c24.00 _a0706902823 |
||
| 035 | _a882374 | ||
| 037 | _bCen Lib/Ret | ||
| 040 |
_aDPL _bEN |
||
| 082 |
_a332.401 _bVAI |
||
| 100 |
_aVaish, M. C. _913723 |
||
| 245 |
_aMonetary theory : _cby M.C.Vaish _bwith Indian currency and banking / |
||
| 250 | _a7th rev. ed. | ||
| 260 |
_aNew Delhi _bVikas Publishing House _c1973 |
||
| 270 |
_a5, Ansari Road _bNew Delhi _e110002 |
||
| 300 |
_axii,715p. _c22cm(Hb) |
||
| 500 | _aIncludes bibliographical reference | ||
| 650 |
_aMonetary policy -- India _917494 |
||
| 650 |
_aBanks and banking -- India _917406 |
||
| 942 |
_2ddc _cEN _h332.401 _mVAI |
||
| 999 |
_c126891 _d126891 |
||